[Event "AUTO-ADV-3857"]
[Site "http://www.queenalice.com/game.php?id=1483339"]
[Date "2017.6.22"]
[Round "1"]
[White "ismaelfln"]
[Black "Warprincess"]
[Result "0-1"]
[WhiteElo "1673"]
[BlackElo "1999"]

1. e4 e6 2. e5 d5 3. d4 c5 4. dxc5 Bxc5 5. Bb5+ Nc6 6. Bxc6+ bxc6 7. Nh3 Ne7 8.
Bg5 Qb6 9. Bxe7 Bxe7 10. b3 Ba6 11. a4 O-O 12. Nc3 Bb4 13. Qd2 d4 14. Nf4 Bxc3
15. Qxc3 dxc3 16. Ne2 Rad8 17. a5 Qb5 18. O-O Qxe2 19. Rac1 Rd2 20. Rce1 Qh5 21.
f3 Bxf1 22. Rxf1 Qxe5 23. b4 Qe2 24. b5 Qxg2# 0-1

[Event "AUTO-ADV-3857"]
[Site "http://www.queenalice.com/game.php?id=1483340"]
[Date "2017.6.22"]
[Round "1"]
[White "Warprincess"]
[Black "ismaelfln"]
[Result "1-0"]
[WhiteElo "1988"]
[BlackElo "1734"]

1. e4 e5 2. Nf3 Nc6 3. Bc4 h6 4. a3 Nf6 5. Nc3 Bc5 6. d3 O-O 7. O-O Ng4 8. h3
Nxf2 9. Rxf2 Bxf2+ 10. Kxf2 a6 11. Be3 b5 12. Ba2 d6 13. Kg1 Ne7 14. Nh4 g5 15.
Nf3 Bb7 16. Qe2 c5 17. Rf1 Kg7 18. Nh2 b4 19. axb4 cxb4 20. Na4 Kg6 21. Qd2 a5
22. Ng4 Bc6 23. Rf6+ Kg7 24. Nb6 Rb8 25. Rxh6 Ng8 26. Nc4 Nxh6 27. Bxg5 Nxg4 28.
Bxd8 Rbxd8 29. Qg5+ Kh7 30. Qxg4 Rg8 31. Qh5+ Kg7 32. Nxd6 Be8 33. Nxf7 Bxf7 34.
Qxf7+ Kh8 35. Qh5+ Kg7 36. Bxg8 Rxg8 37. Qxe5+ Kh6 38. g4 Rg5 39. Qf4 a4 40. h4
a3 41. Qxg5+ Kh7 42. bxa3 bxa3 43. Qe7+ 1-0

[Event "AUTO-ADV-3857"]
[Site "http://www.queenalice.com/game.php?id=1483351"]
[Date "2017.6.22"]
[Round "1"]
[White "Warprincess"]
[Black "Polyphem"]
[Result "1-0"]
[WhiteElo "1963"]
[BlackElo "1822"]

1. e4 e5 2. Nf3 Nc6 3. Bc4 h6 4. a3 Nf6 5. Nc3 Bc5 6. d3 O-O 7. O-O d6 8. h3 Nh7
9. Na4 Bb6 10. Nxb6 axb6 11. Be3 Be6 12. Bxe6 fxe6 13. Nh2 Qe7 14. f4 d5 15.
exd5 exd5 16. Qd2 d4 17. Bf2 exf4 18. Rae1 Qf7 19. Ng4 f3 20. Bg3 Qd5 21. Bxc7
Ng5 22. Ne5 fxg2 23. Rxf8+ Rxf8 24. Qxg2 Nxe5 25. Qxd5+ 1-0

[Event "AUTO-ADV-3857"]
[Site "http://www.queenalice.com/game.php?id=1483352"]
[Date "2017.6.22"]
[Round "1"]
[White "Polyphem"]
[Black "Warprincess"]
[Result "0-1"]
[WhiteElo "1825"]
[BlackElo "1952"]

1. d4 d5 2. c4 e6 3. Nc3 Nf6 4. Nf3 Be7 5. Qc2 c6 6. c5 Nbd7 7. Bf4 O-O 8. e3
Nh5 9. Bg3 Nxg3 10. hxg3 f5 11. g4 g6 12. gxf5 exf5 13. Ne5 Nxe5 14. dxe5 Bxc5
15. Rd1 Qe7 16. Be2 Qxe5 17. O-O f4 18. exf4 Qxf4 19. Bf3 Qg5 20. Ne2 Rxf3 21.
Ng3 Rxg3 22. Kh1 Rxg2 23. Qa4 Rg4 0-1

[Event "AUTO-ADV-3826"]
[Site "http://www.queenalice.com/game.php?id=1486426"]
[Date "2017.7.17"]
[Round "2"]
[White "Warprincess"]
[Black "jmsteinfeld"]
[Result "1-0"]
[WhiteElo "1986"]
[BlackElo "1903"]

1. e4 e5 2. Nf3 d6 3. Bc4 Be6 4. Bxe6 fxe6 5. Nc3 h6 6. d4 exd4 7. Nxd4 e5 8.
Qh5+ Kd7 9. Qf5+ Ke8 10. Qg6+ Kd7 11. Qe6# 1-0

[Event "AUTO-ADV-3826"]
[Site "http://www.queenalice.com/game.php?id=1486427"]
[Date "2017.7.17"]
[Round "2"]
[White "jmsteinfeld"]
[Black "Warprincess"]
[Result "0-1"]
[WhiteElo "1816"]
[BlackElo "1979"]

1. e4 e6 2. d4 d5 3. e5 c5 4. Bb5+ Nc6 5. Bxc6+ bxc6 6. dxc5 Bxc5 7. Nf3 Ba6 8.
Nc3 Qb6 9. Qd2 Qc7 10. a3 Ne7 11. b4 Bb6 12. Bb2 Ng6 13. O-O-O c5 14. bxc5 Bxc5
15. a4 Qb6 16. Nb5 O-O 17. Bd4 Bxb5 18. axb5 Bxd4 19. Nxd4 Nxe5 20. h4 Rfc8 21.
Nc6 Nxc6 22. bxc6 Rxc6 23. h5 Rac8 0-1

[Event "AUTO-ADV-3826"]
[Site "http://www.queenalice.com/game.php?id=1486428"]
[Date "2017.7.17"]
[Round "2"]
[White "Warprincess"]
[Black "Bruscato"]
[Result "0-1"]
[WhiteElo "1994"]
[BlackElo "2085"]

1. e4 c5 2. Nf3 d6 3. d4 cxd4 4. Nxd4 Nf6 5. Nc3 g6 6. Bc4 Bg7 7. h3 O-O 8. Bb3
Nc6 9. Be3 Bd7 10. O-O Rc8 11. Nf3 a6 12. Qe2 b5 13. a3 Na5 14. Ba2 Nc4 15. Rab1
Qa5 16. Bxc4 Rxc4 17. Bd2 Qc7 18. e5 dxe5 19. Qxe5 Qc8 20. Qxe7 Bxh3 21. Ne5 Rh4
22. Bg5 Rg4 23. Nxg4 Nxg4 24. gxh3 Ne5 25. Kg2 Qc6+ 26. f3 Re8 27. Qb4 Nc4 28.
Ne4 f5 29. Ng3 h6 30. Bd2 h5 0-1

[Event "AUTO-ADV-3826"]
[Site "http://www.queenalice.com/game.php?id=1486429"]
[Date "2017.7.17"]
[Round "2"]
[White "Bruscato"]
[Black "Warprincess"]
[Result "1-0"]
[WhiteElo "2074"]
[BlackElo "1992"]

1. e4 e6 2. d4 d5 3. Nc3 dxe4 4. Nxe4 Nf6 5. Ng3 h6 6. Bd3 Nc6 7. Nf3 Bd6 8. c4
Bxg3 9. hxg3 Nxd4 10. Nxd4 Qxd4 11. O-O c5 12. Qa4+ Bd7 13. Qb3 Bc6 14. Be3 Qd6
15. Rad1 Qe7 16. Bf4 Rd8 17. Bc2 O-O 18. Be5 b6 19. Rfe1 Qb7 20. f3 Nd7 21. Bd6
Rfe8 22. Qd3 g6 23. Qe3 Kg7 24. Qf4 1-0

[Event "AUTO-ADV-3826"]
[Site "http://www.queenalice.com/game.php?id=1486430"]
[Date "2017.7.17"]
[Round "2"]
[White "Warprincess"]
[Black "jck2"]
[Result "0-1"]
[WhiteElo "2003"]
[BlackElo "2040"]

1. e4 d6 2. d4 g6 3. Nf3 Bg7 4. Bc4 c6 5. h3 b5 6. Bb3 a5 7. a3 a4 8. Ba2 e6 9.
Be3 Nf6 10. Nbd2 Ba6 11. O-O Nbd7 12. Re1 O-O 13. c4 Qc7 14. Rb1 bxc4 15. Nxc4
Bxc4 16. Bxc4 Nxe4 17. Qc2 d5 18. Bb5 Ndc5 19. Bxc6 Nb3 20. Rbc1 Nxc1 21. Rxc1
Rac8 22. Qxa4 Qe7 23. b4 Bf6 24. b5 Qc7 25. Qb3 Qe7 26. Ne5 Bg5 27. a4 Rc7 28.
a5 Ra7 29. a6 Bxe3 30. fxe3 Qf6 31. Rf1 Qxf1+ 32. Kxf1 f6 33. Nf3 Nd6 34. Nd2
Rb8 35. Qa3 Nxb5 36. Qa5 Nc7 37. Bb7 Nxa6 38. Bxa6 Rba8 39. Qc5 Rxa6 40. Qe7 f5
41. Nf3 R6a7 42. Qxe6+ Kg7 43. Kf2 Rf8 44. Qxd5 Rff7 45. Qe5+ Kg8 46. Ng5 Rfe7
47. Qb8+ Kg7 48. Ne6+ Kf6 0-1

[Event "AUTO-ADV-3826"]
[Site "http://www.queenalice.com/game.php?id=1486431"]
[Date "2017.7.17"]
[Round "2"]
[White "jck2"]
[Black "Warprincess"]
[Result "1/2-1/2"]
[WhiteElo "2032"]
[BlackElo "2002"]

1. d4 d5 2. c4 e6 3. e3 Nf6 4. Nc3 Be7 5. Nf3 O-O 6. a3 c6 7. b4 Nbd7 8. cxd5
exd5 9. Bb2 Nb6 10. Rc1 Bg4 11. Be2 Nc4 12. Qc2 Nxb2 13. Qxb2 Rc8 14. O-O Bd6
15. h3 Bh5 16. Ne5 Bxe2 17. Nxe2 Qe7 18. Nf3 a5 19. Rb1 axb4 20. axb4 Ra8 21. b5
Rfb8 22. Qc2 Qe8 23. b6 Ra6 24. Ng3 Bxg3 25. fxg3 Qxe3+ 26. Kh2 Rba8 27. Qd2 Qe8
28. Rfc1 Qd8 29. Qb4 Ne4 30. Qe1 Rxb6 31. Rxb6 Qxb6 32. Qf1 Qc7 33. Qe1 f5 34.
Ne5 g5 35. g4 fxg4 36. hxg4 Ra2 37. Qe3 Rd2 38. Kg1 h6 39. Rf1 Qb6 40. Rf8+ Kg7
41. Rf7+ Kg8 42. Rf8+ Kg7 43. Rf7+ Kg8 44. Rf8+ Kg7 45. Rf7+ 1/2-1/2

[Event "AUTO-INT-3236"]
[Site "http://www.queenalice.com/game.php?id=1497309"]
[Date "2017.10.3"]
[Round "2"]
[White "Warprincess"]
[Black "siarango"]
[Result "0-1"]
[WhiteElo "1910"]
[BlackElo "1750"]

1. e4 e5 2. Nf3 Nc6 3. Bc4 h6 4. Nc3 Bc5 5. O-O d6 6. h3 Nf6 7. a3 O-O 8. d3 a6
9. Nd5 Nxd5 10. Bxd5 Nd4 11. c3 Nxf3+ 12. Qxf3 c6 13. Ba2 Be6 14. Qg3 Kh7 15.
Be3 Bxe3 16. fxe3 Bxa2 17. Rxa2 Qg5 18. Qxg5 hxg5 19. b4 f6 20. d4 Kg6 21. d5
cxd5 22. exd5 e4 23. Rc2 Rac8 24. c4 b6 25. g4 Rc7 26. Kg2 f5 27. gxf5+ Rxf5 28.
Rxf5 Kxf5 29. Kg3 g6 0-1

[Event "AUTO-INT-3236"]
[Site "http://www.queenalice.com/game.php?id=1497310"]
[Date "2017.10.3"]
[Round "2"]
[White "siarango"]
[Black "Warprincess"]
[Result "1-0"]
[WhiteElo "1772"]
[BlackElo "1888"]

1. e4 e6 2. d4 d5 3. e5 c5 4. c3 Nc6 5. Bb5 Bd7 6. Nf3 Nxe5 7. Bxd7+ Nxd7 8. Be3
Qb6 9. Qc2 Ngf6 10. O-O cxd4 11. Bxd4 Bc5 12. Bxc5 Qxc5 13. Nbd2 O-O 14. b4 Qb6
15. a4 Rac8 16. a5 Qxb4 17. Qxh7+ Nxh7 18. cxb4 Rc2 19. Rfc1 Rfc8 20. Rxc2 Rxc2
21. Rb1 Nhf6 22. g3 e5 23. Nf1 Ne4 24. Rd1 d4 25. N3d2 Ndf6 26. f3 Nc3 27. Re1
Nd7 28. Ne4 Nxe4 29. Rxe4 Rb2 30. g4 1-0

[Event "AUTO-INT-3236"]
[Site "http://www.queenalice.com/game.php?id=1497311"]
[Date "2017.10.3"]
[Round "2"]
[White "Warprincess"]
[Black "Cateesalta"]
[Result "0-1"]
[WhiteElo "1931"]
[BlackElo "1811"]

1. e4 e6 2. d4 d5 3. e5 c5 4. c3 Nc6 5. Nf3 Qb6 6. a3 cxd4 7. cxd4 Nge7 8. Bd3
g6 9. O-O Bg7 10. Bc2 O-O 11. Nc3 a6 12. Rb1 f6 13. Re1 fxe5 14. dxe5 Qc7 15.
Bg5 Nf5 16. Bxf5 Rxf5 17. Rc1 Bxe5 18. h3 Bd7 19. h4 Bf4 20. Rc2 Raf8 21. g3
Bxg5 22. Nxg5 R8f6 23. Rce2 Qb6 24. Qd2 Nd4 25. Nd1 Nxe2+ 26. Rxe2 Bb5 27. Ne3
Bxe2 28. Nxf5 Rxf5 29. Qxe2 e5 30. Kg2 h6 0-1

[Event "AUTO-INT-3236"]
[Site "http://www.queenalice.com/game.php?id=1497312"]
[Date "2017.10.3"]
[Round "2"]
[White "Cateesalta"]
[Black "Warprincess"]
[Result "0-1"]
[WhiteElo "1761"]
[BlackElo "1912"]

1. e4 e6 2. d4 d5 3. e5 c5 4. c3 Nc6 5. Nf3 Qb6 6. dxc5 Bxc5 7. Qe2 a5 8. a3 Bd7
9. Qb5 Bxf2+ 10. Kd1 Qxb5 11. Bxb5 Nxe5 12. Ke2 Bxb5+ 13. Kxf2 Nd3+ 14. Kg3 Nf6
15. h3 O-O 16. Be3 Ne4+ 17. Kh2 Nxb2 18. Nbd2 Nxd2 19. Nxd2 Rac8 20. Bd4 Bd3 21.
Nf3 Na4 0-1

[Event "AUTO-ADV-3857"]
[Site "http://www.queenalice.com/game.php?id=1501904"]
[Date "2017.11.3"]
[Round "2"]
[White "Warprincess"]
[Black "Nias"]
[Result "0-1"]
[WhiteElo "1867"]
[BlackElo "1731"]

1. e4 e5 2. Nf3 Qf6 3. Nc3 c6 4. d3 h6 5. Be2 g5 6. Be3 Bb4 7. Nd2 Bxc3 8. bxc3
d6 9. d4 Nd7 10. O-O Qg7 11. Nc4 Ke7 12. dxe5 dxe5 13. Qd6+ Kd8 14. Rad1 f6 15.
Bg4 Qe7 0-1